Indian Food and Drink (by Picture) - Statistics

General Stats
  • This quiz has been taken 4,255 times
    846 since last reset
  • The average score is 12 of 17
Answer Stats
Picture Answer % Correct
samosa
96%
naan
90%
chapati
88%
biryani
86%
chai
85%
masala dosa
82%
paneer tikka
79%
daal
78%
gulab jamun
74%
pakora
71%
chutney
67%
idli sambar
66%
lassi
60%
butter chicken
58%
tandoori chicken
50%
aloo gobi
40%
chicken tikka masala
25%
No matching quizzes found
Score Distribution
Percent of People with Each Score
Percentile by Number Answered
Your Score History
You have not taken this quiz since the last reset